00436 2200157 4500001002100000008004100021035002000062245005300082100002500135260004000160300002200200020002200222084001400244082000800258990001200266INLIS000000000002904 IND  a0010-0925000251 aTuntunan Sholat RasulullahcK. H. Muh. Sholikhin aK. H. Muh. Sholikhin aJakartabEmir Cakrawala Islamc2018 a345c(15 x 23 cm) a978-602-6847-86-7 a297 SHO t a297 a0755301